Island on fire : (Record no. 12354)

MARC details
000 -LEADER
campo de control de longitud fija 01089cam a2200301Ia 4500
001 - NÚMERO DE CONTROL
campo de control 39613
005 - FECHA Y HORA DE LA ÚLTIMA TRANSACCIÓN
campo de control 20230410101712.0
008 - DATOS DE LONGITUD FIJA--INFORMACIÓN GENERAL
campo de control de longitud fija 971002s1997 nyuab bc 001 0 eng d
010 ## - NÚMERO DE CONTROL DE LA BIBLIOTECA DEL CONGRESO
Número de control de LC 97071501
035 ## - NÚMERO DE CONTROL DEL SISTEMA
Número de control de sistema (OCoLC)ocm37722382
040 ## - FUENTE DE CATALOGACIÓN
Centro catalogador/agencia de origen MTH
Centro/agencia transcriptor MTH
Centro/agencia modificador OCLCQ
035 ## - NÚMERO DE CONTROL DEL SISTEMA
Número de control de sistema (OCoLC)37722382
043 ## - CÓDIGO DE ÁREA GEOGRÁFICA
Código de área geográfica nwht---
050 14 - SIGNATURA TOPOGRÁFICA DE LA BIBLIOTECA DEL CONGRESO
Número de clasificación 110 ND 306
Número de ítem I82 1997
245 00 - MENCIÓN DEL TÍTULO
Título Island on fire :
Resto del título passionate visions of Haiti from the collection of Jonathan Demme.
260 ## - PUBLICACIÓN, DISTRIBUCIÓN, ETC.
Lugar de publicación, distribución, etc. Nyack, N.Y. :
Nombre del editor, distribuidor, etc. Kaliko Press,
Fecha de publicación, distribución, etc. c1997.
300 ## - DESCRIPCIÓN FÍSICA
Extensión 220 p. :
Otras características físicas col. ill., maps ;
Dimensiones 27 cm.
500 ## - NOTA GENERAL
Nota general Catalog of an exhibition held at the Equitable Gallery, New York, June 12-Aug. 15, 1997.
504 ## - NOTA DE BIBLIOGRAFÍA, ETC.
Nota de bibliografía, etc. Includes bibliographical references (p. 212-214) and index.
650 #0 - PUNTO DE ACCESO ADICIONAL DE MATERIA--TÉRMINO DE MATERIA
Término de materia o nombre geográfico como elemento de entrada Painting, Haitian
Subdivisión de forma Exhibitions.
650 #0 - PUNTO DE ACCESO ADICIONAL DE MATERIA--TÉRMINO DE MATERIA
Término de materia o nombre geográfico como elemento de entrada Art, Haitian
Subdivisión de forma Exhibitions.
650 #0 - PUNTO DE ACCESO ADICIONAL DE MATERIA--TÉRMINO DE MATERIA
Término de materia o nombre geográfico como elemento de entrada Painting, Modern
Subdivisión cronológica 20th century
Subdivisión geográfica Haiti
Subdivisión de forma Exhibitions.
600 10 - PUNTO DE ACCESO ADICIONAL DE MATERIA--NOMBRE DE PERSONA
Nombre de persona Demme, Jonathan,
Fechas asociadas al nombre 1944-
Subdivisión general Art Collections.
700 1# - ENTRADA AGREGADA--NOMBRE PERSONAL
Nombre de persona Demme, Jonathan,
Fechas asociadas al nombre 1944-
710 2# - ENTRADA AGREGADA--NOMBRE DE ENTIDAD CORPORATIVA
Nombre de entidad corporativa o nombre de jurisdicción como elemento de entrada Equitable Gallery (New York, N.Y.)
942 ## - ELEMENTOS DE ENTRADA SECUNDARIOS (KOHA)
Fuente del sistema de clasificación o colocación Clasificación de Library of Congress
Tipo de ítem Koha
994 ## -
-- C0
-- DRFGD
Holdings
Estatus retirado Estado de pérdida Fuente del sistema de clasificación o colocación Estado de daño No para préstamo Colección Biblioteca de origen Biblioteca actual Ubicación en estantería Fecha de adquisición Serial enumeration / chronology Signatura topográfica completa Código de barras Visto por última vez Copia número Tipo de ítem Koha
    Clasificación de Library of Congress     Recursos Regionales Biblioteca Juan Bosch Biblioteca Juan Bosch Recursos Regionales (2do. Piso) 10/04/2023 1 110 ND 306 I82 1997 00000040646 23/10/2018 1